Tennessee State Basketball: Top 10 All-Time Leaders - Statistics

General Stats
  • This quiz has been taken 2 times
  • The average score is 5 of 92
Answer Stats
Category # Player Amount % Correct
Rebounds 2 Monty Williams 894
50%
Points 4 Robert Covington 1,748
50%
Rebounds 3 Robert Covington 876
50%
Steals 4 Robert Covington 181
50%
Blocks 2 Robert Covington 150
50%
Three Pointers Made 5 Robert Covington 182
50%
Field Goal Percent 5 Robert Covington 47.6%
50%
Points Per Game 9 Robert Covington 14.8
50%
Games 6 Robert Covington 118
50%
Points 1 Anthony Mason 2,075
0%
Assists 10 Anthony Mason 268
0%
Steals T9 Anthony Mason 140
0%
Field Goal Percent 7 Anthony Mason 46.1%
0%
Points Per Game 2 Anthony Mason 18.7
0%
Blocks 8 Arvid Caldwell 76
0%
Points 7 Bruce Price 1,578
0%
Assists 6 Bruce Price 407
0%
Steals 3 Bruce Price 189
0%
Three Pointers Made 4 Bruce Price 194
0%
Points Per Game 6 Bruce Price 16.4
0%
Rebounds 6 Carlos Rogers 697
0%
Blocks 1 Carlos Rogers 186
0%
Field Goal Percent 1 Carlos Rogers 61.7%
0%
Points Per Game 1 Carlos Rogers 22.5
0%
Blocks T5 Christian Mekowulu 85
0%
Blocks T5 Clarence Matthews 85
0%
Games T7 Curtis Davis 115
0%
Blocks T9 Darius Cox 75
0%
Games 4 Darreon Reddick 121
0%
Points Per Game 10 Darryl Brooks 14.6
0%
Points 10 Garrett Richardson 1,399
0%
Assists 4 Garrett Richardson 441
0%
Steals 1 Garrett Richardson 256
0%
Three Pointers Made T8 Garrett Richardson 153
0%
Field Goal Percent 9 Garrett Richardson 42.7%
0%
Points Per Game 5 Gerald Robinson 16.5
0%
Three Pointers Made 10 Jacquan Nobles 146
0%
Points 3 Jamie Roberts 1,891
0%
Steals 6 Jamie Roberts 156
0%
Three Pointers Made 1 Jamie Roberts 292
0%
Points Per Game 4 Jamie Roberts 16.7
0%
Games T10 Jamie Roberts 113
0%
Points 8 Jason Johnson 1,494
0%
Rebounds 5 Jason Johnson 791
0%
Blocks 4 Jason Johnson 93
0%
Field Goal Percent 8 Jason Johnson 45.1%
0%
Games 5 Jay Harris 119
0%
Blocks 7 Jerrell Houston 77
0%
Rebounds 4 Jonathan Green 843
0%
Field Goal Percent 2 Jonathan Green 59.8%
0%
Assists 9 Kevin Samuel 292
0%
Steals 5 Kevin Samuel 165
0%
Three Pointers Made 2 Kevin Samuel 241
0%
Games T10 Kevin Samuel 113
0%
Three Pointers Made 7 Ladarious Weaver 165
0%
Blocks 3 Michael Green 95
0%
Rebounds 10 M.J. Rhett 606
0%
Blocks T9 M.J. Rhett 75
0%
Rebounds 1 Monti Davis 1,011
0%
Field Goal Percent 4 Monti Davis 49.8%
0%
Points Per Game 7 Monti Davis 16.3
0%
Points 5 Monty Wilson 1,594
0%
Rebounds 8 Monty Wilson 615
0%
Three Pointers Made 3 Monty Wilson 214
0%
Points Per Game 3 Monty Wilson 17.0
0%
Assists 8 Neil Jones 340
0%
Rebounds 7 Nico Childs 659
0%
Blocks T9 Nico Childs 75
0%
Points 2 Patrick Miller 1,900
0%
Assists 1 Patrick Miller 540
0%
Steals 2 Patrick Miller 196
0%
Field Goal Percent 10 Patrick Miller 42.5%
0%
Points Per Game 8 Patrick Miller 15.1
0%
Games 1 Patrick Miller 126
0%
Assists 3 Reiley Ervin 446
0%
Steals T9 Reiley Ervin 140
0%
Three Pointers Made T8 Reiley Ervin 153
0%
Games 3 Reiley Ervin 123
0%
Field Goal Percent 3 Ronnie Cage 50.1%
0%
Points 9 Roshaun Bowens 1,447
0%
Rebounds 9 Roshaun Bowens 611
0%
Field Goal Percent 6 Roshaun Bowens 47.5%
0%
Games 9 Roshaun Bowens 114
0%
Steals T7 Tahjere McCall 148
0%
Points 6 Tim Horton 1,589
0%
Assists 5 Tim Horton 422
0%
Steals T7 Tim Horton 148
0%
Three Pointers Made 6 Tim Horton 173
0%
Games T7 Tim Horton 115
0%
Assists 2 Tremaine Smith 451
0%
Assists 7 Wil Peters 386
0%
Games 2 Wil Peters 125
0%
No matching quizzes found
Score Distribution
Percent of People with Each Score
Percentile by Number Answered
Your Score History
You have not taken this quiz